Loading...
| Geography | 0 | 3 | 1 | 1 | 25 | 97 | 115.33 | 0 | 0 |
| Any History | 0 | 2 | 0 | 0 | 20 | 122 | 128.50 | 0 | 0 |
| History - World History | 0 | 2 | 0 | 0 | 20 | 97 | 102.50 | 0 | 0 |
| Literature - American Literature | 0 | 1 | 0 | 0 | 10 | 143 | 143.00 | 0 | 0 |
| Literature - British Literature | 0 | 1 | 0 | 0 | 10 | 151 | 151.00 | 0 | 0 |
| Mythology | 0 | 1 | 0 | 0 | 10 | 117 | 117.00 | 0 | 0 |
| Other Academic | 0 | 1 | 0 | 0 | 10 | 110 | 110.00 | 0 | 0 |
| Religion | 0 | 1 | 0 | 0 | 10 | 147 | 147.00 | 0 | 0 |
| Science - Biology | 0 | 1 | 0 | 1 | 10 | 127 | 127.00 | 0 | 0 |
| Social Science | 0 | 1 | 0 | 0 | 10 | 113 | 113.00 | 0 | 0 |
| Fine Arts - Other Fine Arts | 0 | 1 | 0 | 0 | 10 | 131 | 131.00 | 0 | 0 |
| History - American History | 0 | 1 | 0 | 0 | 10 | 88 | 88.00 | 0 | 1 |
| Science - Physics | 0 | 1 | 0 | 1 | 10 | 143 | 143.00 | 0 | 0 |
| Painting & Sculpture | 0 | 0 | 0 | 0 | 0 | 0.00 | 0 | 0 | |
| Science - Chemistry | 0 | 0 | 0 | 0 | 0 | 0.00 | 0 | 0 |